| 000 | 00406cam a2200157ua 4500 | ||
|---|---|---|---|
| 041 |
_aeng _h |
||
| 082 |
_a101 _bBAC/AD |
||
| 100 | _aBacon, Francis . | ||
| 245 |
_aAdvancement of learning and new atlantis / _cFrancis Bacon. _hTextual Documents |
||
| 250 |
_a1 / _b. |
||
| 260 |
_aCalcutta : _bOxford University Press , _c1960. |
||
| 300 | _a298 ; . | ||
| 504 | _a | ||
| 942 | _cBK | ||
| 999 |
_c1440 _d1440 |
||